A geography of European integration

Αποθηκεύτηκε σε:
Λεπτομέρειες βιβλιογραφικής εγγραφής
Κύριος συγγραφέας: Dawson, Andrew H.
Μορφή: Βιβλίο
Γλώσσα:English
Δημοσίευση: London : Belhaven Press, c1993
Θέματα:
Ετικέτες: Προσθήκη ετικέτας
Δεν υπάρχουν, Καταχωρήστε ετικέτα πρώτοι!

MARC

LEADER 00000cam a2200000 i 4500
001 1/76806
008 990401s1993 eng d
020 |a 0470219963 
035 |l 10049698 
040 |a GR-MY-UA  |b gre  |e aacr 
041 0 |a eng 
082 0 |a 337.4 
100 1 |a Dawson, Andrew H. 
245 1 2 |a A geography of European integration /  |c Andrew H. Dawson 
260 |a London :   |b Belhaven Press,   |c c1993 
300 |a 225 p.  |b fig. 
504 |a Includes bibliographical references and index 
650 0 0 |a Economic geography. 
651 0 |a Europe  |x Economic conditions  |y 1945- 
651 0 |a Europe, Eastern  |x Economic conditions  |y 1945- 
651 0 |a Europe  |x Economic integration. 
852 |a INST  |b LESVOS  |e 19990401  |h 337.4 DAW  |p 005100016677  |q 005100016677  |t BK  |y 0 
901 |a BIBL-1999-1 
909 |a Λ  |b 062067 
922 |a 1ΕΛΗ  |b 199812  |c ΚΠΣ/ΤΓ  |d LEADER 
950 |a 118-1998-10-19